000 01231nam a22003137i 4500
003 EG-GICUC
005 20260509120707.0
008 260509s1982 ua ||||fr|||| 00| 0 ara d
040 _a EG-GICUC
_bara
_c EG-GICUC
_d EG-GICUC
_erda
041 _aara
082 0 4 _221
_a341.65
_bل ج . ن
092 0 4 _221
099 _aLaw1 11 341.65 ل ج . ن 1982
110 _aاللجنة الدولية للصليب الاحمر
_eمعد.
245 0 2 _aالندوة المصرية الاولى حول القانون الدولي الانساني /
_cاللجنة الدولية للصليب الاحمر.
246 _aFirst Egyptian Seminar On International Humanitarian Law
264 _aالقاهرة:
_bاللجنة الدولية للصليب الاحمر,
_c1982.
300 _a289 ؛ صفحة
_c24 سم
336 _2rda content
_atext
337 _2rda media
_aComputer
338 _2rda carrier
_aOnline Resource
546 _aالنص موازٍ باللغتين العربية والإنجليزية
650 1 _aدولي عام
_2qrmak
650 1 _aالصليب لاحمر
_2qrmak
651 1 _2qrmak
856 4 0 _uhttps://fll.law.cu.edu.eg/fulltext/bks/ B11-09829.pdf
905 _a72
942 _2ddc
_cBK
_e21
_n0
999 _c76353
_d76353